| 000 | 00423nam a22001337a 4500 | ||
|---|---|---|---|
| 040 | _cNUST | ||
| 082 | _a200 THE | ||
| 100 |
_aAtta ul Mannan Hashmi _985000 |
||
| 110 |
_aSupervisor Dr. Imran Akhtar _985001 |
||
| 245 | _aTH-SOF-1941-Flow Analysis and Control of a Cooling System to Enhance Thermodynamic Efficiency | ||
| 260 |
_aISLAMABAD: _bNUST COLLEGE OF EME, _c2021. |
||
| 650 |
_aMS-MECH-19 _985002 |
||
| 942 |
_2ddc _cTHE |
||
| 999 |
_c586864 _d586864 |
||